Công nghệ phụ phủ và ứng dụng : Giáo trình cho sinh viên ngành Hàn và ngành Cơ khí
Sách trình bày thực chất, đặc điểm của phun phủ kim loại; trang thiết bị phun phủ kim loại; quá trình công nghệ phun phủ; công tác an toàn khi phun phủ bề mặt kim loại
Đã lưu trong:
| Tác giả chính: | |
|---|---|
| Định dạng: | Sách |
| Ngôn ngữ: | Undetermined |
| Được phát hành: |
Hà Nội
Khoa học và Kỹ thuật
2006
|
| Những chủ đề: | |
| Các nhãn: |
Thêm thẻ
Không có thẻ, Là người đầu tiên thẻ bản ghi này!
|
| Thư viện lưu trữ: | Trung tâm Học liệu Trường Đại học Cần Thơ |
|---|
| LEADER | 00919nam a2200217Ia 4500 | ||
|---|---|---|---|
| 001 | CTU_153103 | ||
| 008 | 210402s9999 xx 000 0 und d | ||
| 020 | |c 32000 | ||
| 082 | |a 671.73 | ||
| 082 | |b T513 | ||
| 100 | |a Hoàng, Tùng | ||
| 245 | 0 | |a Công nghệ phụ phủ và ứng dụng : | |
| 245 | 0 | |b Giáo trình cho sinh viên ngành Hàn và ngành Cơ khí | |
| 245 | 0 | |c Hoàng Tùng | |
| 260 | |a Hà Nội | ||
| 260 | |b Khoa học và Kỹ thuật | ||
| 260 | |c 2006 | ||
| 520 | |a Sách trình bày thực chất, đặc điểm của phun phủ kim loại; trang thiết bị phun phủ kim loại; quá trình công nghệ phun phủ; công tác an toàn khi phun phủ bề mặt kim loại | ||
| 650 | |a Coating processes,Surfaces ( technology ),Quy trình phun phủ | ||
| 904 | |i QHieu | ||
| 980 | |a Trung tâm Học liệu Trường Đại học Cần Thơ | ||